000 00916nam a2200229 a 4500
005 20240924063943.0
008 991125s1991 es 000 0 spa u
020 _a8430920862 (Tecnos)
020 _a9280331388 (UNESCO)
035 _aUPN01000032597
049 _aUNE
050 4 _aLB1028
_bH3.58
100 1 _aHallak, Jacques,
_d1937-
_928384
245 1 0 _aInvertir en el futuro :
_bdefinir las prioridades educacionales en el mundo en desarrollo /
_cJacques Hallak ; tr. Alfonso Lizarzaburu.
260 _aMadrid :
_bTecnos :
_bUNESCO,
_c1991.
300 _a268 p. :
_bgráfs., cuadros
440 0 _aSemilla y surco.
_pColección de ciencias sociales.
_pSociología
534 _pTítulo original:
_tInvesting in the future : setting educational priorities in the developing world
590 _aTambién localizas ejemplares en Colección General
650 4 _aEducación
_xInvestigación
_94070
905 _aLibro
999 _c32597
_d32597